Catálogo
 En Linea

Población y desarrollo. (Registro nro. 44908)

Detalles MARC
000 -CABECERA
campo de control de longitud fija 00740nas a2200229 a 4500
001 - NÚMERO DE CONTROL
campo de control 000045419
003 - IDENTIFICADOR DEL NÚMERO DE CONTROL
campo de control DLC
005 - FECHA Y HORA DE LA ÚLTIMA TRANSACCIÓN
campo de control 20240318114638.0
008 - DATOS DE LONGITUD FIJA--INFORMACIÓN GENERAL
campo de control de longitud fija 150309c19919999dr r1pdd 0 0spa d
040 ## - FUENTE DE LA CATALOGACIÓN
Centro catalogador/agencia de origen DO-SdBNP
Lengua de catalogación spa
Centro/agencia transcriptor BNPHU
043 ## - CÓDIGO DE ÁREA GEOGRÁFICA
Código de área geográfica nwdr
245 00 - MENCIÓN DE TÍTULO
Título Población y desarrollo.
260 ## - PUBLICACIÓN, DISTRIBUCIÓN, ETC.
Lugar de publicación, distribución, etc. Santo Domingo, República Dominicana :
Nombre del editor, distribuidor, etc. PROFAMILIA,
Fecha de publicación, distribución, etc. 1991.
300 ## - DESCRIPCIÓN FÍSICA
Extensión v. ;
Dimensiones 23 cm.
310 ## - PERIODICIDAD ACTUAL
Periodicidad actual Anual
362 1# - FECHAS DE PUBLICACIÓN Y/O DESIGNACIÓN SECUENCIAL
Fecha de publicación y/o designación secuencial Inicia con: No.1 (1991)
500 ## - NOTA GENERAL
Nota general Descripción basada en: No.1 (1991)
500 ## - NOTA GENERAL
Nota general Editor: 1991, Clara Ornes
650 #4 - PUNTO DE ACCESO ADICIONAL DE MATERIA--TÉRMINO DE MATERIA
Término de materia o nombre geográfico como elemento de entrada Trabajo infantil
Subdivisión geográfica República Dominicana
Subdivisión de forma PUBLICACIONES PERIÓDICAS
9 (RLIN) 73467
700 1# - PUNTO DE ACCESO ADICIONAL--NOMBRE DE PERSONA
Nombre de persona Ornes, Clara,
Término indicativo de función/relación ed.
9 (RLIN) 54961
710 2# - PUNTO DE ACCESO ADICIONAL--NOMBRE DE ENTIDAD CORPORATIVA
Nombre de entidad corporativa o nombre de jurisdicción como elemento de entrada Asociación Dominicana Pro Bienestar de la Familia
9 (RLIN) 56602

No hay ítems disponibles.

Con tecnología Koha